00789nam a2200217Ia 4500003000900000008004100009020001800050040001600068080001900084100002400103245013100127260004200258300001400300650004100314650002400355650003600379700002700415942000700442999001500449952010700464IN-BaIIA211028s9999 xx 000 0 eng d a90-277-1663-3 cIIA Library a551.510.5bLYO aLyons, L. R.913994 0aQuantitative aspects of magnetospheric physicscL. R. Lyons and D. J. Williams  aDordrechtbD. Reidel Publishingc1984 axv, 231p. aAstronomy and astrophysics thesaurus aMagnetosphere93270 aMagnetospheric substroms910003 aWilliams, D. J.913995 cBK c8349d8349 00104070aBANbBANcGENd1985-07-10l0o551.510.5/ LYOp9197r2021-11-05w1985-07-10yBKGDFL 130.00